| 000 | 00604nam a2200205 u 4500 | ||
|---|---|---|---|
| 005 | 20230915063541.0 | ||
| 008 | 080311s1999 es r 000 0 spa d | ||
| 020 | _a8439287267 | ||
| 035 | _aUPN01000155031 | ||
| 049 | _aI | ||
| 050 | 4 |
_aPQ6656 A6.8 _bP6.7 |
|
| 100 | 1 |
_aFarias, Juan, _d1935- _930834 |
|
| 245 | 1 | 0 |
_aPor tierras de pan llevar / _cJuan Farias ; il. Juan Ramón Alonso. |
| 260 |
_aMadrid : _bGaviota, _c1999. |
||
| 300 |
_a90 p. : _bil. |
||
| 440 | 0 | _aGaviota junior | |
| 650 | 4 |
_aNovela española _ySiglo XX _99779 |
|
| 650 | 0 |
_aLiteratura juvenil española _912359 |
|
| 905 | _aInfantil | ||
| 999 |
_c127147 _d127147 |
||